[Event "47th GER-ch Blitz 2020"]
[Site "Magdeburg"]
[Date "2020.08.15"]
[Round "18.5"]
[White "Bluebaum, Matthias"]
[Black "Hess, Max"]
[Result "1-0"]
[WhiteElo "2647"]
[BlackElo "2378"]
[Annotator "TA"]
[PlyCount "49"]
[EventDate "2020.07.28"]
[EventType "tourn"]
[EventCountry "GER"]
[SourceTitle "playchess.com"]
[Source "ChessBase"]
[SourceQuality "1"]

{[%evp 20,49,40,50,51,56,50,43,54,47,83,84,111,102,139,134,421,424,397,408,439,363,575,562,531,539,519,487,574,485,498,487]} 1. d4 Nf6 2. c4 g6 3. Nc3 Bg7 4. e4 d6 5. Nf3 O-O 6. Be2 Nbd7 7. O-O e5 8. Be3 Re8 9. Qc2 exd4 10. Nxd4 Nc5 11. f3 $1 c6 {E94: King's Indian: Classical: 6 Be2 e5 7 0-0: Various Black 7th moves.} 12. Rad1 Qe7 13. Bf2 $5 {[%mdl 4] Exploring less charted territory.} Nh5 {White is slightly better.} 14. Rfe1 Qg5 15. Bf1 {[#]} Be5 $146 ({Predecessor:} 15... Nf4 16. Kh1 Qh5 17. Nce2 Be5 18. Nxf4 Bxf4 19. g3 Be5 20. Bg2 Bh3 21. b4 Ne6 22. Nxe6 Rxe6 {0-1 (52) Knazovcik,L (2265)-Jasny,S (2315) Czechia 2006}) 16. g3 f5 17. exf5 gxf5 $2 {[%mdl 8192] [#]} (17... Bxf5 $16 {was worth a try.} 18. Nxf5 gxf5) 18. f4 $1 $18 {[%mdl 512]} Nxf4 (18... Bxf4 19. Rxe8+) 19. Nf3 Qg7 20. Nxe5 Rxe5 (20... dxe5 $142 21. Bxc5 Ne6) 21. Rxe5 {White is clearly winning.} Qxe5 22. gxf4 Qxf4 23. Qd2 Qg4+ 24. Bg3 Ne4 25. Nxe4 {Black got outplayed after the opening. Accuracy: White = 100%, Black = 31%.} 1-0

[Event "47th GER-ch Blitz 2020"]
[Site "Magdeburg"]
[Date "2020.08.15"]
[Round "18.6"]
[White "Weller, Manuel"]
[Black "Siebarth, Raiko"]
[Result "1-0"]
[WhiteElo "2237"]
[BlackElo "2333"]
[Annotator "TA"]
[PlyCount "101"]
[EventDate "2020.07.28"]
[EventType "tourn"]
[EventCountry "GER"]
[SourceTitle "playchess.com"]
[Source "ChessBase"]
[SourceQuality "1"]

{[%evp 16,101,-4,-21,21,25,20,18,29,25,32,30,32,35,46,51,189,81,91,62,127,129,126,103,329,178,287,261,277,131,155,140,185,45,56,38,306,300,511,276,559,554,827,815,792,786,768,785,758,746,1077,1028,1028,1028,1028,1023,5181,1466,5181,3092,2201,1883,1485,1394,29984,2037,29994,29971,29968,11547,12850,6303,29980,29981,29984,29983,29983,29984,29997,29988,29988,29988,29988,29989,29991,29992,29997,29995]} 1. c4 c5 2. g3 Nc6 3. Bg2 g6 4. Nf3 Bg7 5. Nc3 d6 6. O-O e5 7. e3 Nge7 8. a3 O-O 9. Rb1 Be6 {A37: Symmetrical English vs ...g6: 4 Bg2 Bg7 5 Nf3.} 10. d3 h6 11. b4 Qd7 {The position is equal.} 12. b5 Nd8 {[#]} 13. Bb2 $146 ({Predecessor:} 13. Re1 f5 14. Bb2 Nf7 15. Nd2 d5 16. Qe2 Rad8 17. Nb3 b6 18. Rbd1 Qc7 19. e4 {0-1 (55) Serafim Junior,A (1844)-Galli,R Sao Paulo 2019}) 13... f5 14. Nd2 g5 15. f4 $36 {[%mdl 2048] White has the initiative.} Ng6 (15... gxf4 $14 16. exf4 (16. gxf4 exf4 17. Rxf4 Nf7 $11) 16... exf4) 16. Nd5 (16. fxg5 $18 {and White stays clearly on top. Strongly threatening Qh5.} hxg5 17. Qh5 {[%mdl 64] Double Attack}) 16... g4 $16 17. Qc2 Kh7 ({Better is} 17... h5 $14) 18. Rbe1 Bxd5 19. cxd5 Qxb5 $2 (19... exf4 $16 {was necessary.} 20. gxf4 (20. exf4 Qxb5 21. Bxg7 Kxg7 $14) 20... Bxb2 21. Qxb2 Qg7 22. Qxg7+ Kxg7) 20. Nc4 (20. e4 $142) 20... Qd7 {[#]} (20... exf4 $142 21. Bxg7 (21. exf4 Bxb2 22. Nxb2 Qd7 $11) 21... Kxg7) 21. e4 $1 $18 exf4 {[#] White must now prevent ...Bxb2.} 22. gxf4 (22. exf5 $1 $18 {and the rest is easy.} Rxf5 23. Be4 Bxb2 24. Qxb2) 22... Nh4 23. Bxg7 Kxg7 24. Bh1 (24. e5 $18) 24... b5 $14 25. Ne3 {Qf2 is the strong threat.} Kg8 $2 {[%mdl 8192] White leaves nothing to chance now.} ({Black should play} 25... h5 $14) 26. Qf2 $18 Ng6 $2 (26... Qe7 27. exf5 h5) 27. Nxf5 Rxf5 $2 (27... Kh7 28. Bg2 Rg8) 28. exf5 Qxf5 29. Re8+ Kf7 30. Be4 Qf6 31. Bxg6+ Kxg6 32. Rfe1 Rb8 {[#]} 33. R1e6 $1 {[%mdl 512]} Nxe6 34. Rxe6 {[%mdl 4096] Endgame KQR-KQR} Rf8 35. Qh4 {[%mdl 64] Pin} Kg7 36. Qxg4+ Kh7 37. Rxf6 Rxf6 {KQ-KR} 38. Qd7+ Kg6 39. Qe7 Kf5 40. Kg2 (40. Qe4+ $142 Kg4 41. Kg2 Rf7 42. Qg6+ Kxf4 43. Qxf7+ {[%mdl 64] Double Attack} Ke3 44. Qe7+ Kd4 45. Qxd6) 40... a5 41. Kf3 {[%csl Gd3,Gf3][%cal Re7e4]} Kg6 42. Qa7 b4 43. Qxa5 bxa3 44. Qxa3 {White mates.} Rf8 45. Qa6 Rf6 46. Qc6 Kf5 47. Qd7+ Kg6 48. h4 h5 49. Ke4 Kh6 50. f5 Rxf5 51. Qxf5 {Accuracy: White = 62%, Black = 33%.} 1-0

[Event "47th GER-ch Blitz 2020"]
[Site "Magdeburg"]
[Date "2020.08.15"]
[Round "18.7"]
[White "Voege, Tobias"]
[Black "Schneider, Ilja"]
[Result "0-1"]
[WhiteElo "2326"]
[BlackElo "2479"]
[Annotator "TA"]
[PlyCount "126"]
[EventDate "2020.07.28"]
[EventType "tourn"]
[EventCountry "GER"]
[SourceTitle "playchess.com"]
[Source "ChessBase"]
[SourceQuality "1"]

{[%evp 9,126,0,31,28,39,-48,-14,-133,-117,-145,-131,-162,-155,-164,-165,-151,-106,-110,-98,-110,-105,-129,-139,-142,-141,-131,-117,-132,-98,-87,-18,-21,0,0,0,-29,0,0,31,31,30,34,47,33,36,22,54,10,12,0,0,0,-16,-8,0,-134,-134,-175,-206,-209,-135,-209,-206,-206,-181,-175,-154,-197,-195,-467,-467,-424,-424,-464,-425,-467,-467,-467,-467,-467,-467,-467,-467,-467,-467,-1681,-467,-3176,-526,-5591,-5177,-6956,-6625,-6745,-6629,-29969,-29973,-29971,-29974,-29975,-29976,-29976,-29977,-29978,-29979,-29980,-29981,-29982,-29983,-29984,-29985,-29986,-29987,-29987,-29987,-29988,-29989,-29992,-29989]} 1. d4 c6 2. c4 Nf6 3. Nc3 d5 4. cxd5 cxd5 5. f3 Qa5 6. Bg5 {D10: Slav Defence: 3 cxd5 (without early Nf3) and 3 Nc3.} Nc6 7. e4 {[#]} ({Better is} 7. e3 $14) 7... dxe4 $146 (7... e5 $5 {[%cal Re5d4]} 8. Bb5 Bb4 $17) ({Predecessor:} 7... e5 8. Bb5 Bb4 9. Qd2 exd4 10. Bxc6+ bxc6 11. Bxf6 gxf6 12. Qxd4 Be6 13. Qxf6 Rg8 14. exd5 cxd5 {0-1 (27) Finnerman,D-Chi,P (2166) Albany 2017}) 8. Bxf6 (8. d5 $1 $11 {remains equal.}) 8... exf6 $17 ({Much less strong is} 8... gxf6 9. fxe4 Bh6 10. Bb5 $15) 9. fxe4 {[#]} Bb4 $1 10. Qd3 O-O 11. Nf3 Bg4 12. Be2 Rad8 13. d5 {[#]} f5 $1 {[%mdl 512] ...fxe4 is the strong threat.} 14. O-O (14. exf5 Rxd5) 14... Rfe8 15. Qc2 fxe4 16. dxc6 exf3 17. Bxf3 Bxf3 18. Rxf3 Qb6+ 19. Kh1 Qxc6 ({Black should play} 19... bxc6 $17 20. a3 Bxc3 21. Qxc3 Qb5) 20. Qb3 $11 Bxc3 21. Qxf7+ Kh8 22. bxc3 Qe6 23. Qxb7 Rd7 (23... Qxa2 $5 24. Rff1 Qc4 $11) 24. Qb5 a6 25. Qf1 h6 26. h3 Rd2 27. c4 Qe4 28. c5 Re6 29. Rf8+ Kh7 30. Qf5+ Qxf5 31. Rxf5 {[%mdl 4096] Endgame KRR-KRR} Ree2 32. c6 (32. Rc1 $11) 32... Rxg2 $17 {Black converts the advantage convincingly.} 33. Rf3 Rh2+ 34. Kg1 Rdg2+ 35. Kf1 Rc2 {[%cal Rh2h1]} 36. Kg1 Rhg2+ 37. Kh1 Rgd2 38. Rg3 Rxc6 39. Rg2 $2 (39. a3) 39... Rxg2 40. Kxg2 $19 {KR-KR} Rc3 41. a4 a5 {[%cal Ba6a5,Ba5a4][%mdl 32]} 42. Rb1 {intending Rb5.} Ra3 43. Rb6 Rxa4 44. Kh2 Ra3 45. Kg2 a4 46. Ra6 h5 47. Kh2 (47. h4 $142) 47... g6 (47... h4 $142 48. Kg1 Rg3+ 49. Kh2 a3) 48. Kg2 (48. h4 $142) 48... g5 (48... h4 $142 49. Kf2 Ra1 50. Ra7+ Kh6) 49. Kh2 h4 50. Kg2 Rg3+ 51. Kh2 a3 52. Rb6 Kg7 {Black mates.} 53. Ra6 Kf7 54. Rb6 Ke7 55. Ra6 Kd7 56. Ra7+ Kc6 57. Ra8 Kb5 58. Rb8+ Kc4 59. Rb7 a2 60. Ra7 Kb3 61. Rb7+ Kc2 62. Ra7 Kb2 63. Rc7 Rc3 {Accuracy: White = 51%, Black = 76%.} 0-1

[Event "47th GER-ch Blitz 2020"]
[Site "Magdeburg"]
[Date "2020.08.15"]
[Round "18.8"]
[White "Holtel, Jasper"]
[Black "Svane, Frederik"]
[Result "1/2-1/2"]
[WhiteElo "2305"]
[BlackElo "2421"]
[Annotator "TA"]
[PlyCount "129"]
[EventDate "2020.07.28"]
[EventType "tourn"]
[EventCountry "GER"]
[SourceTitle "playchess.com"]
[Source "ChessBase"]
[SourceQuality "1"]

{[%evp 9,129,19,37,-32,-14,-27,-24,-57,-52,-53,-56,-53,-59,-54,-54,-70,-32,-41,-45,-47,-46,-56,-62,-102,-44,-107,-86,-116,-82,-123,-135,-123,-121,-106,-79,-163,-162,-322,-293,-316,-300,-277,-235,-416,-384,-394,-315,-257,-234,-237,-245,-433,-404,-434,-93,-95,-83,-92,-36,-31,-35,-77,-54,-106,-106,-174,-164,-206,-81,-108,-70,-268,-249,-282,-100,-173,12,-15,-14,-80,0,0,0,0,0,-171,-181,-184,8,0,0,0,0,0,0,0,0,0,0,0,0,0,0,0,0,0,0,0,0,0,0,-8,0,-8,0,-8,0,0,0,-8,0,0]} 1. e4 c5 2. d4 cxd4 3. c3 e5 4. Nf3 Nc6 5. Bc4 Bc5 6. O-O {B21: Sicilian: 2 f4 and Morra Gambit.} (6. b4 $14 Bd6 7. O-O) 6... d6 $1 $15 7. cxd4 exd4 {[#]} 8. a3 $146 {Black has an edge.} ({Predecessor:} 8. Bf4 Nf6 9. h3 O-O 10. Nbd2 Be6 11. Bg5 h6 12. Bh4 Re8 13. Bd5 Nb4 14. Qb3 Bxd5 15. exd5 Nbxd5 16. Qxb7 {0-1 (25) Thing,B (1902)-Javanbakht,N (2374) Al Ain 2013}) 8... Nf6 9. b4 Bb6 10. Nbd2 O-O 11. Bb2 Bg4 12. Re1 Re8 13. Qb3 Qd7 14. a4 a6 15. a5 Ba7 16. Rab1 Rac8 ({Better is} 16... Be6 $17 17. Bd5 Bxd5 18. exd5 Ne7) 17. Rbc1 (17. Bd5 $15) 17... h6 18. Bd5 Be6 19. Bxc6 bxc6 {[%cal Bb7c6,Bc6c5][%mdl 32]} 20. Qd3 c5 21. Qxa6 Rb8 22. e5 (22. Ba3 $17 {was necessary.}) 22... Nd5 $19 ({Resist} 22... Rxb4 23. Bxd4 Nd5 24. Ba1 $15) 23. exd6 $2 (23. Ba3 {only move.}) 23... Nxb4 24. Qf1 Qxd6 25. Ba3 Qa6 26. Ne4 $2 (26. Qxa6 Nxa6 27. Ne4) 26... Qxf1+ 27. Rxf1 Rec8 28. Ne5 Na6 29. Nc4 Rb3 {Strongly threatening ...Bxc4.} 30. Ned6 $2 (30. Ned2 {was forced.} Rd3 31. f4) 30... Rc6 31. Rb1 {[#]} Bxc4 $2 (31... Rxa3 $1 $19 {[%mdl 512]} 32. Nxa3 Rxd6) 32. Nxc4 $17 Rxb1 $1 33. Rxb1 Rc7 (33... f6 $17) 34. Kf1 $15 Kf8 35. Ke2 Ke8 36. Kd3 {[#]} (36. Nb6 $15) 36... Kd7 $1 $17 37. f4 (37. Ke4 $17) 37... Kc6 $19 38. Re1 Nb8 (38... Rb7 $19 {is more deadly.} 39. Nd2 Bb8) 39. Re8 Nd7 40. g4 $2 (40. Re7 $15) 40... Nf6 41. Ne5+ Kb7 $2 (41... Kb5 $19 {and Black stays clearly on top.} 42. Rd8 g6) 42. Rf8 (42. Rd8 $17 {was the only chance.}) 42... Nd5 $2 (42... Ka6 $19 43. Kc4 Ne4) 43. Rxf7 (43. Kc4 $5 {[%cal Rc4d5]} Nc3 44. Rxf7 Rxf7 45. Nxf7 $11) 43... Rxf7 44. Nxf7 Nxf4+ $11 {[%mdl 4096] Endgame KBN-KBN} (44... Kc6 $17 45. Bc1 Kb5 46. Nd6+ Kxa5) 45. Kc4 Ng6 46. Kb5 d3 47. a6+ $2 {[#]} (47. Nd6+ $11 Ka8 48. Ne4) 47... Ka8 $1 $19 48. Bc1 Nh4 $2 (48... Bb8 $19 {And now ...Bf4 would win.} 49. Kc4 Bf4 50. Bxf4 Nxf4) 49. Kc4 {The position is equal.} Nf3 {White must now prevent ...d2.} 50. Kxd3 Nxh2 51. g5 hxg5 52. Bxg5 Nf3 53. Be7 Kb8 54. Ke4 Nd4 55. Kd5 Nb5 56. Bxc5 Nc7+ 57. Kc6 {Bd6 is the strong threat.} (57. Kc4 {is more complex.} Bxc5 58. Kxc5 Ka7 59. Kc6 Nxa6 60. Kd6) 57... Bxc5 58. Kxc5 Nxa6+ $11 {KN-KN} 59. Kd6 Nc7 60. Ke5 Ne8 61. Ng5 Kc8 62. Ne6 g6 63. Nf4 g5 64. Kf5 Nd6+ 65. Kxg5 {Accuracy: White = 53%, Black = 66%.} 1/2-1/2

[Event "47th GER-ch Blitz 2020"]
[Site "Magdeburg"]
[Date "2020.08.15"]
[Round "18.10"]
[White "Siebrecht, Sebastian"]
[Black "Svane, Rasmus"]
[Result "0-1"]
[WhiteElo "2429"]
[BlackElo "2613"]
[Annotator "TA"]
[PlyCount "62"]
[EventDate "2020.07.28"]
[EventType "tourn"]
[EventCountry "GER"]
[SourceTitle "playchess.com"]
[Source "ChessBase"]
[SourceQuality "1"]

{[%evp 25,62,0,0,0,0,-2,-3,-35,-40,-68,-83,-93,-79,-100,-77,-126,-108,-104,-102,-127,-140,-173,-158,-139,-143,-205,-196,-274,-255,-259,-254,-412,-430,-654,-534,-652,-625,-718,-708]} 1. d4 d5 2. Nf3 e6 3. c4 a6 4. Nc3 dxc4 5. a4 Nf6 6. e3 c5 7. Bxc4 cxd4 8. exd4 Be7 9. O-O O-O 10. Qe2 Nc6 11. Rd1 Nb4 12. Bg5 Bd7 13. Ne5 Bc6 14. Nxc6 {D27: Queen's Gambit Accepted: Classical main line: 7 e4!? and 7 a4.} bxc6 15. Rac1 a5 {[#]} 16. Bxf6 $146 {The position is equal.} ({Predecessor:} 16. Qf3 Rb8 17. b3 Nfd5 18. Bxe7 Qxe7 19. Ne4 Rfd8 20. Nc5 h6 21. Nd3 Nxd3 22. Rxd3 {1-0 (51) Khademalsharieh,S (2494)-Krush,I (2429) chess.com INT 2020}) 16... Bxf6 17. Ne4 Bxd4 18. Nc5 e5 19. Kh1 Qh4 20. Ne4 Kh8 21. g3 Qe7 22. h4 {intending Ng5.} h6 23. Qh5 Rad8 24. Ng5 {[%cal Rg5f7]} Nd5 25. Bxd5 (25. Rd2 $17 {was called for.}) 25... cxd5 $19 ({Don't play} 25... Rxd5 26. Rxc6 Kg8 27. Ne4) 26. Rc6 (26. Nf3 $142) 26... Kg8 27. Nf3 Bxf2 28. Nxe5 $2 (28. Kg2 {is the only way for White.} Qe8 29. Nxe5) 28... Bxg3 29. Nf3 (29. Rxh6 $142 gxh6 30. Rg1) 29... Qe4 {[#] Strongly threatening ...g6.} 30. Rg1 Qf4 31. Rc3 g6 {Accuracy: White = 35%, Black = 100%.} 0-1

[Event "47th GER-ch Blitz 2020"]
[Site "Magdeburg"]
[Date "2020.08.15"]
[Round "18.11"]
[White "Braun, Georg"]
[Black "Koch, Thomas"]
[Result "0-1"]
[WhiteElo "2360"]
[BlackElo "2461"]
[Annotator "TA"]
[PlyCount "118"]
[EventDate "2020.07.28"]
[EventType "tourn"]
[EventCountry "GER"]
[SourceTitle "playchess.com"]
[Source "ChessBase"]
[SourceQuality "1"]

{[%evp 13,118,22,55,58,45,33,44,30,27,18,68,50,35,36,79,84,190,189,186,106,157,152,135,106,99,54,66,0,0,0,0,0,0,-30,-29,-84,-89,-137,-129,-156,-147,-163,-79,-79,-79,-79,-68,-68,-79,-72,-74,-79,-79,-79,-81,-125,-50,-57,-61,-83,0,-57,-27,-27,-35,-30,0,-11,0,-47,-33,-33,-33,-34,0,-35,-16,-49,0,-8,-8,-7,-3,-31,-26,-61,-37,-47,-47,-59,-2,-62,-59,-75,-79,-111,-79,-79,-85,-73,-79,-86,-65,-65,-65,-12839,-12839]} 1. e4 c5 2. Nf3 d6 3. d4 cxd4 4. Nxd4 Nf6 5. Nc3 a6 6. h3 e5 7. Nde2 Be7 8. g4 {B90: Sicilian Najdorf: Unusual White 6th moves, 6 Be3 Ng4 and 6 Be3 e5.} h6 9. Bg2 b5 10. O-O {White is slightly better.} Nbd7 {[%cal Bb8d7,Bd7b6,Bb6c4,Bc4e3][%mdl 32]} 11. Ng3 g6 {[#]} 12. Nd5 $146 ({Predecessor:} 12. f4 Bb7 13. g5 hxg5 14. fxg5 Nh5 15. Nxh5 Rxh5 16. Qf3 Rh7 17. h4 Rc8 18. Rf2 {1-0 (28) Sprenger,J (2490)-Ftacnik,L (2512) Germany 2019}) 12... Nxd5 13. exd5 Nb6 14. f4 exf4 (14... Bb7 $16) 15. Bxf4 $18 Nc4 16. a4 (16. Qd4 $18 f6 17. a4) 16... Rb8 ({Better is} 16... Qb6+ 17. Kh2 g5) 17. axb5 $16 axb5 18. b3 Qb6+ 19. Kh1 Ne3 20. Bxe3 (20. Qd2 $14 Nxf1 21. Rxf1) 20... Qxe3 $11 21. Qe1 (21. Rf3 {seems wilder.} Qg5 22. Qd4 O-O 23. Ne4 Qh4 24. Nf6+) 21... Qxe1 $1 22. Rfxe1 Rb7 23. Ra8 O-O 24. Kh2 (24. Ne4 $11 {remains equal.}) 24... Rc7 25. Re2 Bf6 26. Be4 Be5 27. Kg2 {[#]} Rc3 (27... h5 $1 $19 {[%mdl 512] is more deadly.} 28. Bf3 (28. gxh5 Bxh3+) 28... Kg7) 28. Bd3 $17 Bb7 29. Rxf8+ Kxf8 30. Ne4 Bxd5 31. Kf1 Rc7 32. Bxb5 Bxe4 {[%mdl 64] Overworked Piece} 33. Rxe4 Rxc2 {[%mdl 4096] Endgame KRB-KRB} 34. Rc4 {[#]} Rb2 (34... Rh2 $1 $17 35. Rc7 Rxh3) 35. Rc8+ $15 Kg7 36. Bc4 Rd2 (36... f5 $17) 37. Rd8 (37. Rc7 $1 $11) 37... Rd4 38. Rd7 Rf4+ 39. Ke2 Kf8 40. Rc7 Ke8 41. Rc6 Kd7 42. Ra6 Re4+ 43. Kf3 Rf4+ 44. Ke3 g5 45. Ra7+ Ke8 (45... Kc6 $5 {[%cal Re5d4]} 46. Ke2 Re4+ 47. Kf3 {[#]} f5 $1 {[%mdl 576] Decoy} 48. gxf5 Rf4+ 49. Kg2 Rxf5 $15) 46. Ra8+ Ke7 47. Ra7+ Kf8 {Threatens to win with ...Bd4+.} 48. Ra8+ Kg7 49. Rd8 Bd4+ 50. Kd3 Bc5 51. Rd7 Kf8 (51... Kg6 $15) 52. Rb7 {[#]} (52. Kc2 $11) 52... d5 $1 {[%mdl 512]} 53. Bb5 (53. Bxd5 Rd4+) 53... Rf3+ 54. Ke2 Rxb3 55. Bc6 Re3+ 56. Kd2 d4 57. Bd5 Be7 58. Rb8+ Kg7 59. Re8 $2 {[%mdl 8192]} (59. Rb3 $15) 59... Bb4+ {[%mdl 64] Discovered Attack. Both players deserved the win here. Accuracy: White = 56%, Black = 65%.} 0-1

[Event "47th GER-ch Blitz 2020"]
[Site "Magdeburg"]
[Date "2020.08.15"]
[Round "18.12"]
[White "Ehmann, Thilo"]
[Black "Meier, Georg"]
[Result "0-1"]
[WhiteElo "2329"]
[BlackElo "2621"]
[Annotator "TA"]
[PlyCount "96"]
[EventDate "2020.07.28"]
[EventType "tourn"]
[EventCountry "GER"]
[SourceTitle "playchess.com"]
[Source "ChessBase"]
[SourceQuality "1"]

{[%evp 21,96,-51,-43,-47,-41,-54,-56,-54,-44,-38,-43,-81,-81,-104,-54,-68,-68,-63,-62,-101,-105,-102,-70,-86,-73,-78,-68,-135,-77,-156,-152,-179,-188,-168,-110,-66,-66,-273,-258,-268,-292,-576,-504,-643,-273,-520,-510,-708,-697,-1500,-600,-1750,-1141,-5377,-622,-871,-638,-637,-597,-6746,-5824,-29948,-29948,-29968,-29969,-29968,-29970,-29958,-29959,-29959,-29960,-29960,-29960,-2157,-1085,-3300,-2665]} 1. e4 e6 2. d3 d5 3. Nd2 Nf6 4. Ngf3 c5 5. g3 Nc6 6. Bg2 Be7 7. O-O O-O 8. Re1 Qc7 9. Qe2 b5 10. e5 Nd7 11. Nf1 Bb7 {is the new trend.} 12. Bf4 {C00: French: Unusual White 2nd moves.} Rfc8 13. c3 a5 {[%cal Ba7a5,Ba5a4][%mdl 32]} 14. h4 {Black is slightly better.} a4 {[#]} 15. a3 $146 ({Predecessor:} 15. Rac1 b4 16. Ne3 a3 17. bxa3 bxc3 18. Nxd5 exd5 19. e6 Qd8 20. exd7 Qxd7 21. Rxc3 {½-½ (36) Benidze,D (2469)-Gasimov,P (2323) Baku 2019}) 15... Qd8 16. h5 h6 17. Qd2 Nf8 18. N1h2 Nh7 19. Ng4 Bf8 20. Nxh6+ gxh6 21. Bxh6 Bxh6 22. Qxh6 Qf8 23. Qf4 Kh8 24. g4 (24. d4 $15) 24... Rc7 ({Black should try} 24... Qg7 25. h6 Qg6) 25. Kh2 (25. d4 $142) 25... Qg7 $17 26. Bh3 d4 27. cxd4 Nxd4 (27... Rd8 $19 {[%cal Rc6d4]} 28. dxc5 Ne7) 28. Nxd4 cxd4 29. Qxd4 $2 {This costs White the game.} ({White must play} 29. Rac1 $1 $15 Rd7 30. Rc5) 29... Rac8 $19 30. Qf4 Rc2 31. Rg1 $2 (31. Kg3) 31... Ng5 32. Bg2 {[#]} Bxg2 (32... Nf3+ $142 $1 {[%mdl 512]} 33. Kh1 (33. Bxf3 Rxf2+) 33... Nxg1 34. Rxg1 Bxg2+ 35. Rxg2 Rxb2) 33. Rxg2 $2 (33. Kxg2 Rxb2 34. Rac1) 33... Rxb2 34. Qe3 Rcc2 35. d4 f6 (35... Rb3 $142 36. Qg3 Rxg3 37. fxg3 Rc3) 36. Rag1 fxe5 37. dxe5 Nf7 (37... Rb3 $142 38. Rf1 Rxe3 39. fxe3 Rxg2+ 40. Kxg2 Qxe5) 38. g5 Qxe5+ 39. Qxe5+ Nxe5 40. Kg3 Rb3+ {[%mdl 64] [#] Double Attack} 41. Kf4 Nf3 42. Rd1 Rc4+ 43. Kg3 Nxg5+ 44. Kh2 Rh3+ 45. Kg1 Nf3+ 46. Kf1 Rh1+ 47. Ke2 Nd4+ 48. Kd2 Rc2+ {Accuracy: White = 27%, Black = 62%.} 0-1

[Event "47th GER-ch Blitz 2020"]
[Site "Magdeburg"]
[Date "2020.08.15"]
[Round "18.13"]
[White "Baskin, Robert"]
[Black "Frischmann, Rick"]
[Result "1/2-1/2"]
[WhiteElo "2390"]
[BlackElo "2347"]
[Annotator "TA"]
[PlyCount "107"]
[EventDate "2020.07.28"]
[EventType "tourn"]
[EventCountry "GER"]
[SourceTitle "playchess.com"]
[Source "ChessBase"]
[SourceQuality "1"]

{[%evp 9,107,41,62,22,16,18,29,-9,26,-25,27,-30,14,0,3,-20,-9,-47,-38,-39,0,0,0,-14,11,-16,-17,-42,345,357,357,-104,-60,-51,99,97,99,99,386,270,263,147,154,161,156,154,197,189,218,169,165,127,166,107,255,260,247,260,312,281,275,168,313,206,210,0,0,-6,-6,-14,30,0,4,-14,-14,-14,0,-14,-14,-14,0,0,0,0,0,0,0,0,0,-8,0,-8,-8,-12,-12,-80,-8,-8,0,-118]} 1. e4 d5 2. exd5 Qxd5 3. Nc3 Qd6 4. d4 Nf6 5. Nf3 Nc6 6. Bb5 {B01: Scandinavian Defence.} (6. Nb5 {looks sharper.} Qd8 7. d5 Nb4 8. c4 e6 9. Bf4) 6... a6 7. Bxc6+ Qxc6 8. h3 {[#] White has an edge.} e6 $146 ({Predecessor:} 8... Bf5 9. O-O e6 10. Bf4 Bg6 11. Ne5 Qb6 12. Rb1 O-O-O 13. Nxg6 hxg6 14. Ne2 Bd6 15. Bxd6 Rxd6 {½-½ (43) Kotainy,J (1624)-Sancar,K (1517) Willingen 2005}) 9. Qe2 (9. O-O $142 $1) 9... Be7 ({Black should play} 9... b6) 10. Bf4 (10. O-O $142) 10... O-O 11. Ne5 Qe8 12. O-O-O b5 13. Qf3 Rb8 14. Ne4 Bb7 15. Nxf6+ Bxf6 16. Qg3 Rc8 17. Ng4 Be7 18. Rhe1 c5 $2 {[%mdl 8192] [#]} (18... Qd8 $15) 19. d5 $1 $18 {[%cal Rd5d6][%mdl 512]} Bxd5 {[#]} 20. Bh6 $2 (20. Nh6+ Kh8 $18) (20. Rxd5 $1 $18 {[%mdl 512] Strongly threatening Rd2.} exd5 21. Nh6+ Kh8 22. Nf5 $1 {[%mdl 576] Double Attack}) 20... f5 {[#]} (20... Bxa2 21. Bxg7 $1 {[%mdl 512]} Kxg7 22. Nf6+ $1 {[%mdl 512]} Kh8 23. Qh4 $1 {[%mdl 512]} Bxf6 24. Qxf6+ Kg8 25. Rd3 h5 26. Rg3+ Kh7 27. Qg7#) 21. Ne3 $1 {[%csl Gh6][%cal Rg3g7][%mdl 512]} Qg6 (21... Rf7 $15 {keeps the upper hand.} 22. Nxd5 exd5) 22. Qxg6 $16 hxg6 23. Nxd5 {[%mdl 64] Pin} Bh4 $2 {[%mdl 8192]} (23... exd5 $16 {is a better defense.} 24. Rxe7 (24. Rxd5 Rfe8 $11) 24... gxh6) 24. Nb6 Rc6 25. Nd7 (25. Be3 $18) 25... gxh6 26. Nxf8 Kxf8 {[%mdl 4096] Endgame KRR-KRB} 27. g3 Bf6 {[#]} 28. Rd7 $1 Be7 29. h4 Kf7 30. Re3 Kf6 31. Ra7 (31. c4 $18) 31... g5 (31... c4 $16 {keeps fighting.}) 32. hxg5+ $18 hxg5 {[#]} 33. Ra3 $1 c4 34. R3xa6 Rc5 35. a4 b4 (35... bxa4 $142 36. Rxa4 Re5) 36. Rb6 Re5 37. Kd1 $2 (37. f4 $18 gxf4 38. gxf4 Re1+ 39. Kd2) 37... Bc5 $11 38. Rbb7 {And now Rf7+ would win.} Bxa7 39. Rxa7 {KR-KR} Re4 (39... c3 {is more complex.} 40. bxc3 bxc3 41. Rc7 Re4 42. a5 Rd4+) 40. Rb7 c3 41. bxc3 bxc3 42. a5 Ra4 43. Rc7 Rxa5 44. Rxc3 f4 45. gxf4 gxf4 46. Ke2 e5 47. Rb3 Kf5 48. Rc3 e4 49. Rb3 Rd5 50. Ra3 Rc5 51. Kd2 Kg4 52. Rb3 (52. Kd1 $11 {remains equal.}) 52... Rd5+ ({Black should try} 52... Rc6 $17) 53. Ke2 Rc5 (53... Rd4 $11) 54. Kd2 {Black escapes into a draw. Accuracy: White = 47%, Black = 45%.} 1/2-1/2